TV Show Locations - Statistics

General Stats
  • This quiz has been taken 71 times
    24 since last reset
  • The average score is 18 of 48
Answer Stats
Hint Answer % Correct
The Fresh Prince of Bel Air Bel Air
76%
Friends New York City
76%
Frasier Seattle
76%
The Simpsons Springfield
76%
Golden Girls Miami
71%
It's Always Sunny in Philadelphia Philadelphia
71%
Cheers Boston
67%
Seinfeld New York City
62%
Full House/Fuller House San Francisco
62%
Happy Days Milwaukee
57%
The Office (U.S.) Scranton
57%
Grey's Anatomy Seattle
57%
Breaking Bad Albuquerque
52%
Riverdale Riverdale
52%
30 Rock New York City
48%
Married...With Children Chicago
43%
Modern Family Los Angeles
43%
Gossip Girl New York City
43%
The O.C. Orange County
43%
The Big Bang Theory Pasadena
43%
Family Guy Quahog
43%
Spongebob Squarepants Bikini Bottom
38%
South Park South Park
38%
The Wire Baltimore
33%
Family Matters Chicago
33%
Good Luck Charlie Denver
33%
Futurama New New York
33%
Parks and Recreation Pawnee
33%
Scandal Washington D.C.
33%
The Jeffersons New York City
29%
Pretty Little Liars Rosewood
29%
The Vampire Diaries Mystic Falls
24%
Gilmore Girls Stars Hollow
24%
The Brady Bunch Los Angeles
19%
Black-Ish Los Angeles
19%
Desperate Houswives Fairview
14%
New Girl Los Angeles
14%
That 70's Show Point Place
14%
The Cosby Show Brooklyn Heights
10%
Family Ties Columbus
10%
American Dad! Langley
10%
Three's Company Santa Monica
10%
One Tree Hill Tree Hill
10%
The Ranch Garrison
5%
Glee Lima Heights
5%
How to Get Away With Murder Philadelphia
5%
Superstore St. Louis
5%
The Last Man on Earth Tucson
5%
No matching quizzes found
Score Distribution
Percent of People with Each Score
Percentile by Number Answered
Your Score History
You have not taken this quiz since the last reset